| 000 | 00335 a2200121 4500 | ||
|---|---|---|---|
| 001 | 32836 | ||
| 082 | _b519.30246221 BEL | ||
| 090 |
_c22006 _d22006 |
||
| 100 | _aBelegundu,A.D | ||
| 245 | _aOptimization Concepts and Application in Engineering | ||
| 260 |
_aNew Delhi _bPearson Education Ltd _c1999 |
||
| 300 |
_axii, 432 p. _eCD |
||
| 942 |
_aNUST-CAE _k519.30246221 BEL |
||
| 999 |
_c267909 _d267909 |
||